000 00284nam a2200109 4500
008 160702b xxu||||| |||| 00| 0 eng d
100 _91847
_a Kleiser, G
245 _aExploring Common Pharases
260 _aN.D
_b A.P.H.
_c2005
300 _aExploring Common Pharases
942 _2ddc
_cBK
999 _c1551
_d1551